[Event "GER-ch Youth-B"]
[Site "Willingen"]
[Date "2022.06.10"]
[Round "8"]
[White "Ermert, Karl Hans Ragnar"]
[Black "Hofmann, Benjamin1111"]
[Result "1/2-1/2"]
[WhiteElo "1662"]
[BlackElo "1483"]
[PlyCount "70"]
[EventDate "2022.06.04"]
[EventType "swiss"]
[EventRounds "9"]
[EventCountry "GER"]
[SourceTitle "CBM 208 Extra"]
[Source "ChessBase"]
[SourceDate "2022.07.31"]
[SourceVersion "1"]
[SourceVersionDate "2022.07.31"]
[SourceQuality "1"]

1. e4 e5 2. Nf3 Nc6 3. Bb5 a6 4. Ba4 Bc5 5. 0-0 b5 6. Bb3 Nf6 7. d3 h6 8. Re1 d6 9. c3 0-0 10. h3 Re8 11. Nbd2 Be6 12. Bc2 Ba7 13. Nb3 Ne7 14. d4 Bxb3 15. Bxb3 Ng6 16. Qc2 c5 17. dxc5 dxc5 18. Rd1 Qc7 19. Bd5 Nxd5 20. Rxd5 c4 21. b3 Rad8 22. Ba3 Rxd5 23. exd5 Nf4 24. Qf5 g6 25. d6 Qb6 26. Qc2 Qc6 27. bxc4 bxc4 28. Qd2 Kg7 29. d7 Rd8 30. Qd6 Qxd6 31. Bxd6 Nd3 32. Nxe5 Nxe5 33. Bxe5+ f6 34. Bg3 Rxd7 35. Rb1 Bc5 1/2-1/2

[Event "GER-ch Youth-B"]
[Site "Willingen"]
[Date "2022.06.08"]
[Round "5"]
[White "Ermert, Karl Hans Ragnar"]
[Black "Mueller, Anker"]
[Result "1/2-1/2"]
[WhiteElo "1662"]
[BlackElo "1509"]
[PlyCount "87"]
[EventDate "2022.06.04"]
[EventType "swiss"]
[EventRounds "9"]
[EventCountry "GER"]
[SourceTitle "CBM 208 Extra"]
[Source "ChessBase"]
[SourceDate "2022.07.31"]
[SourceVersion "1"]
[SourceVersionDate "2022.07.31"]
[SourceQuality "1"]

1. e4 c6 2. d4 d5 3. exd5 cxd5 4. Bd3 Nf6 5. Bf4 Nc6 6. c3 e6 7. Nf3 Bd6 8. Bg5 0-0 9. 0-0 Bd7 10. Re1 h6 11. Bh4 Be7 12. Ne5 Nxe5 13. dxe5 Nh7 14. Bxe7 Qxe7 15. f4 Qc5+ 16. Kh1 Qf2 17. Qd2 Qh4 18. Rf1 f6 19. Qc2 fxe5 20. Bxh7+ Kh8 21. Bd3 exf4 22. Nd2 e5 23. Nf3 Qf6 24. Be2 g5 25. Rae1 g4 26. Nxe5 Qxe5 27. Bxg4 Qd6 28. Bxd7 Qxd7 29. Qg6 Qc6 30. Kg1 Qc5+ 31. Kh1 Qc7 32. Qxh6+ Qh7 33. Qxh7+ Kxh7 34. Re7+ Kg6 35. Rxb7 Rfb8 36. Rxb8 Rxb8 37. Rxf4 Rxb2 38. h4 Rxa2 39. g4 Rc2 40. Rf3 a5 41. h5+ Kg5 42. Rf5+ Kxg4 43. Rxd5 Rxc3 44. Rxa5 1/2-1/2

[Event "GER-ch Youth-B"]
[Site "Willingen"]
[Date "2022.06.06"]
[Round "3"]
[White "Ermert, Karl Hans Ragnar"]
[Black "Birkenheier, Nicolas"]
[Result "1-0"]
[WhiteElo "1662"]
[BlackElo "1350"]
[PlyCount "83"]
[EventDate "2022.06.04"]
[EventType "swiss"]
[EventRounds "9"]
[EventCountry "GER"]
[SourceTitle "CBM 208 Extra"]
[Source "ChessBase"]
[SourceDate "2022.07.31"]
[SourceVersion "1"]
[SourceVersionDate "2022.07.31"]
[SourceQuality "1"]

1. e4 e5 2. Nf3 Nc6 3. Bb5 a6 4. Ba4 Nf6 5. d3 b5 6. Bb3 Bc5 7. 0-0 0-0 8. a4 Bb7 9. Nc3 b4 10. Ne2 Re8 11. a5 d6 12. Ng3 Ne7 13. Bg5 Ng6 14. Nh5 c6 15. Nh4 d5 16. Nf5 Bf8 17. Qf3 Re6 18. Nh6+ gxh6 19. Bxf6 Qd7 20. Qg4 Rd6 21. Qg3 Re8 22. Rae1 d4 23. f4 exf4 24. Rxf4 Bc8 25. e5 Rde6 26. Bxe6 Rxe6 27. Ref1 Be7 28. Bxe7 Qxe7 29. Nf6+ Kg7 30. h4 Rxe5 31. Ng4 Bxg4 32. Qxg4 Kf8 33. Rf6 Re1 34. h5 Qxf6 35. Rxe1 Ne5 36. Qe4 Nd7 37. Qe8+ Kg7 38. Qxd7 Qh4 39. Qe7 Qg4 40. Rf1 Qxh5 41. Qf6+ Kg8 42. Re1 1-0

[Event "Hofheim Spring op-B 7th"]
[Site "Hofheim"]
[Date "2019.04.25"]
[Round "5"]
[White "Ermert, Karl Hans Ragnar"]
[Black "Fuell, Klaus Dieter"]
[Result "0-1"]
[WhiteElo "1634"]
[BlackElo "1813"]
[PlyCount "64"]
[EventDate "2019.04.23"]
[EventType "swiss"]
[EventRounds "9"]
[EventCountry "GER"]
[SourceTitle "CBM 190 Extra"]
[Source "ChessBase"]
[SourceDate "2019.07.15"]
[SourceVersion "1"]
[SourceVersionDate "2019.07.15"]
[SourceQuality "1"]

1. e4 d5 2. exd5 Nf6 3. d4 Nxd5 4. c4 Nf6 5. Nc3 e6 6. Bd3 Nc6 7. Bc2 Qxd4 8. Be3 Qxd1+ 9. Rxd1 Bb4 10. Nge2 Bd7 11. 0-0 0-0 12. Nb5 Rfc8 13. a3 Be7 14. Bf4 e5 15. Bg5 Be6 16. Rfe1 Bxc4 17. Nbc3 Rd8 18. Ng3 h6 19. Be3 Rxd1 20. Rxd1 Rd8 21. Re1 Be6 22. Nb5 Nd4 23. Bxd4 exd4 24. Rd1 c5 25. Nxa7 Bd7 26. Bd3 Nd5 27. Nb5 Nf4 28. Bc4 Bc6 29. f3 Nd5 30. Nf5 Bf8 31. b4 g6 32. Ng3 Ne3 0-1

[Event "Hofheim Spring op-B 7th"]
[Site "Hofheim"]
[Date "2019.04.25"]
[Round "4"]
[White "Schwichtenberg, Juergen"]
[Black "Ermert, Karl Hans Ragnar"]
[Result "0-1"]
[WhiteElo "1738"]
[BlackElo "1634"]
[PlyCount "68"]
[EventDate "2019.04.23"]
[EventType "swiss"]
[EventRounds "9"]
[EventCountry "GER"]
[SourceTitle "CBM 190 Extra"]
[Source "ChessBase"]
[SourceDate "2019.07.15"]
[SourceVersion "1"]
[SourceVersionDate "2019.07.15"]
[SourceQuality "1"]

1. b4 e5 2. Bb2 Bxb4 3. Bxe5 Nf6 4. e3 0-0 5. Nf3 d5 6. Be2 c5 7. a3 Ba5 8. 0-0 Nc6 9. Bb2 Re8 10. d4 c4 11. Nc3 Bc7 12. Nb5 Bb8 13. a4 a6 14. Na3 Ne4 15. c3 Qd6 16. Nc2 Ng5 17. Nce1 Bg4 18. Ba3 Qc7 19. g3 Ne4 20. Bb2 Na5 21. Ra2 Nb3 22. Ba1 Qa5 23. Qc2 b5 24. axb5 Nxa1 25. Rxa5 Nxc2 26. Bd1 Nxe1 27. Rxe1 Bc7 28. Rxa6 Rxa6 29. bxa6 Ra8 30. Ne5 Bxd1 31. Rxd1 Rxa6 32. Rb1 h6 33. Nd7 Ra7 34. Rb5 Bxg3 0-1

[Event "Hofheim Spring op-B 7th"]
[Site "Hofheim"]
[Date "2019.04.24"]
[Round "3"]
[White "Ermert, Karl Hans Ragnar"]
[Black "Schubert, Nikita"]
[Result "0-1"]
[WhiteElo "1634"]
[BlackElo "1784"]
[PlyCount "62"]
[EventDate "2019.04.23"]
[EventType "swiss"]
[EventRounds "9"]
[EventCountry "GER"]
[SourceTitle "CBM 190 Extra"]
[Source "ChessBase"]
[SourceDate "2019.07.15"]
[SourceVersion "1"]
[SourceVersionDate "2019.07.15"]
[SourceQuality "1"]

1. e4 c5 2. c3 d5 3. exd5 Qxd5 4. d4 Nf6 5. Nf3 Nc6 6. Na3 cxd4 7. Nb5 Qd8 8. Nbxd4 Bd7 9. Be2 e6 10. Bf4 a6 11. 0-0 Be7 12. Qc2 Rc8 13. Rad1 Qa5 14. Nb3 Qb6 15. Bd6 0-0 16. Ne5 Bxd6 17. Nxd7 Bxh2+ 18. Kxh2 Qc7+ 19. g3 Nxd7 20. Kg2 Nf6 21. Rh1 h6 22. Rh4 Ne5 23. Rdh1 Qc6+ 24. Kf1 Ng6 25. R4h3 e5 26. Nd2 e4 27. f3 Rfe8 28. R1h2 Rcd8 29. fxe4 Nxe4 30. Bd3 Nxd2+ 31. Rxd2 Qf3+ 0-1